| 000 | 00000nas 2200000za 4500 |
| 001 | 9.840995 |
| 003 | CaOODSP |
| 005 | 20221107152000 |
| 007 | cr ||||||||||| |
| 008 | 170803d19881991abcmr p oss f0###a0eng|d |
| 040 | |aCaOODSP|beng |
| 043 | |an-cn-ab|an-cn-sn |
| 086 | 1 |aCS10-0012E-PDF |
| 245 | 00|aStatistics Canada, Prairie update, economic indicator report |h[electronic resource] / |cStatistics Canada, Edmonton Office, Advisory Services. |
| 246 | 14|aPrairie update, economic indicator report |
| 260 | |aEdmonton : |bStatistics Canada, Edmonton Office, Advisory Services, |c[1988-1991] |
| 310 | |aMonthly |
| 362 | 0 |aJuly 1988-March 1991? |
| 500 | |aDigitized edition from print [produced by Statistics Canada]. |
| 500 | |aChiefly tables. |
| 692 | 07|2gccst|aStatistics |
| 692 | 07|2gccst|aEconomic indicators |
| 710 | 1 |aCanada. |bStatistics Canada. |bAdvisory Services. |
| 785 | 00|tStatistics Canada Prairie region, monthly economic indicator report |w(CaOODSP)9.840997 |
| 986 | |aCS10F0012E |